Catálogo
 En Linea

La historia de Josefina Mosquera : (Registro nro. 17277)

Detalles MARC
000 -CABECERA
campo de control de longitud fija 00644nam a2200193 a 4500
001 - NÚMERO DE CONTROL
campo de control 000017752
005 - FECHA Y HORA DE LA ÚLTIMA TRANSACCIÓN
campo de control 20200929165223.0
008 - DATOS DE LONGITUD FIJA--INFORMACIÓN GENERAL
campo de control de longitud fija 100331s2002 dr a 000 0 spa d
020 ## - NÚMERO INTERNACIONAL ESTÁNDAR DEL LIBRO
Número Internacional Estándar del Libro 9993461210
040 ## - FUENTE DE LA CATALOGACIÓN
Centro catalogador/agencia de origen DO-SdBNP
082 ## - NÚMERO DE LA CLASIFICACIÓN DECIMAL DEWEY
Número de clasificación 920
Número de documento/Ítem M912h
049 ## - FONDOS LOCALES (OCLC)
Fondos de biblioteca BNPD
100 1# - ENTRADA PRINCIPAL--NOMBRE DE PERSONA
Nombre de persona Mosquera, Josefina
Fechas asociadas al nombre 1903-1997
9 (RLIN) 38614
245 13 - MENCIÓN DE TÍTULO
Título La historia de Josefina Mosquera :
Resto del título un ejemplo de fe y valentía /
Mención de responsabilidad, etc. Josefina Mosquera.
260 ## - PUBLICACIÓN, DISTRIBUCIÓN, ETC.
Lugar de publicación, distribución, etc. Santo Domingo :
Nombre del editor, distribuidor, etc. Búho,
Fecha de publicación, distribución, etc. 2002.
300 ## - DESCRIPCIÓN FÍSICA
Extensión 154 p. :
Otras características físicas il. ;
Dimensiones 22 cm.
500 ## - NOTA GENERAL
Nota general Incluye datos biográficos del autor en la solapa de la cubierta
600 ## - PUNTO DE ACCESO ADICIONAL DE MATERIA--NOMBRE DE PERSONA
Nombre de persona MOSQUERA Y ROUCO, JOSEFINA
Subdivisión cronológica 1903-1997
9 (RLIN) 38615
Existencias
Estado de retiro Estado de pérdida No para préstamo Código de colección Localización permanente Ubicación/localización actual Ubicación en estantería Fecha de adquisición Número de inventario Total de préstamos Signatura topográfica completa Código de barras Fecha visto por última vez Precio válido a partir de Tipo de ítem Koha Número de copia
    Excluido de préstamo Patrimonio Dominicano Patrimonio Dominicano Patrimonio Dominicano En catalogación 31.03.2010 LF1   920 M912h 17752-10 25.06.2020 25.06.2020 Libro y Folleto Colección Patrimonio Dominicano  
    Excluido de préstamo Patrimonio Dominicano Patrimonio Dominicano Patrimonio Dominicano En catalogación 31.03.2010 LF1   920 M912h 17752-20 25.06.2020 25.06.2020 Libro y Folleto Colección Patrimonio Dominicano e.2

Con tecnología Koha